Normal view
MARC view
- Government Of Pakistan
Entry Personal Name
001 - CONTROL NUMBER
- control field: 56380
003 - CONTROL NUMBER IDENTIFIER
- control field: NUST
005 - DATE AND TIME OF LATEST TRANSACTION
- control field: 20210628201707.0
008 - FIXED-LENGTH DATA ELEMENTS
- fixed length control field: 210628|| aca||aabn | a|a d
040 ## - CATALOGING SOURCE
- Original cataloging agency: NUST
- Transcribing agency: NUST
100 ## - HEADING--PERSONAL NAME
- Personal name: Government Of Pakistan
670 ## - SOURCE DATA FOUND
- Source citation: Work cat.: (NUST): Government Of Pakistan, The establishment manual a compendium of laws, rules and instructions relating to establishment matters, 1992
